A 25-Year Perspective on Logic Programming
שמור ב:
| מחבר ראשי: | |
|---|---|
| פורמט: | ספר |
| יצא לאור: |
springer
|
| תגים: |
אין תגיות, היה/י הראשונ/ה לתייג את הרשומה!
|
MARC
| LEADER | 00000nam a2200000Ia 4500 | ||
|---|---|---|---|
| 005 | 20260515061618.0 | ||
| 100 | |a Agostino Dovier | ||
| 020 | |a 9783642143083 | ||
| 942 | |c BK | ||
| 245 | |a A 25-Year Perspective on Logic Programming | ||
| 260 | |b springer | ||
| 999 | |c 73 |d 73 | ||
| 952 | |0 0 |1 0 |4 0 |7 0 |a ABDN |b ABDN |d 2026-05-15 |l 0 |p 000092 |r 2026-05-15 06:16:18 |w 2026-05-15 |y BK | ||